Top 20 Olympians - Statistics

General Stats
  • This quiz has been taken 8 times
  • The average score is 4 of 20
Answer Stats
Hint Answer % Correct
(USA, Swimming) Michael Phelps
88%
(Jamaica, Athletics) Usain Bolt
88%
(USA, Gymnastics) Simone Biles
63%
(USA, Athletics) Jesse Owens
38%
(USA, Boxing) Muhammad Ali
38%
(Kenya, Marathon) Eliud Kipchoge
13%
(USA, Swimming) Mark Spitz
13%
(USA, Tennis) Serena Williams
13%
(USA, Athletics) Allyson Felix
0%
(Germany, Canoeing) Birgit Fischer
0%
(USA, Athletics) Carl Lewis
0%
(USA, Athletics) Florence Griffith-Joyner
0%
(Netherlands, Speed Skating) Ireen Wüst
0%
(USA, Athletics) Jackie Joyner-Kersee
0%
(Soviet Union, Gymnastics) Larisa Latynina
0%
(Romania, Gymnastics) Nadia Comăneci
0%
(Finland, Athletics) Paavo Nurmi
0%
(USA, Snowboarding) Shaun White
0%
(Cuba, Boxing) Teofilo Stevenson
0%
(Russia, Pole Vault) Yelena Isinbayeva
0%
No matching quizzes found
Score Distribution
Percent of People with Each Score
Percentile by Number Answered
Your Score History
You have not taken this quiz